Municipis catalans amb complements comuns - Statistics

General Stats
  • This quiz has been taken 88 times
  • The average score is 53 of 115
Answer Stats
Hint Answer % Correct
de Llobregat l'Hospitalet
82%
de Dalt | de Mar Vilassar
82%
de Llobregat el Prat
78%
de Llobregat Sant Feliu
78%
de Llobregat | de Lluçanès Sant Boi
77%
del Vallès Sant Cugat
77%
de Mar Sant Pol
75%
d'Anoia Sant Sadurní
75%
de Dalt | de Mar Premià
73%
de Mar Arenys
70%
de Mar Lloret
70%
de Mar Canet
68%
de Llobregat Cornellà
68%
de Mar Malgrat
68%
d'Ebre Móra
67%
de Lluçanès Prats
67%
d'Anoia | de Mar Cabrera
65%
del Vallès Cerdanyola
65%
de la Conca | del Vallès Barberà
62%
de Mar | del Vallès l'Ametlla
62%
de Mar | del Camp la Selva
62%
de Voltregà Sant Hipòlit
62%
d'Empordà | del Penedès la Bisbal
60%
del Vallès Mollet
60%
de Mar Pineda
60%
de Mar Tossa
60%
del Penedès Vilafranca
60%
del Vallès Vilanova
60%
de Llobregat Esplugues
58%
del Vallès Sant Quirze
58%
del Vallès Castellar
53%
de Voltregà les Masies
53%
del Vallès Badia
52%
de Llobregat Sant Climent
52%
de Bages Sant Fruitós
52%
de Cerdanya Bellver
50%
de Balaguer Os
50%
del Vallès Parets
50%
de Cerdanya Riu
50%
d'Ebre | de Llobregat Corbera
48%
del Penedès el Pla
47%
d'Urgell la Seu
47%
de Ter Roda
47%
de Ter Sarrià
47%
de Lleida Artesa
45%
del Vallès Llinars
45%
de Segarra | del Vallès Montornès
45%
de la Selva Maçanet
43%
de la Selva Cassà
42%
de la Selva el Port
42%
de Llobregat Torrelles
42%
de Cerdanya Guils
40%
de Gaià la Riera
40%
del Vallès la Roca
40%
del Camp Mont-roig
40%
de Gaià la Nou
38%
d'Empordà | d'Urgell Bellcaire
37%
de Cerdanya Lles
37%
de Bages Sant Mateu
37%
d'Urgell Ivars
35%
del Vallès les Franqueses
35%
del Penedès Llorenç
35%
de Voltregà Santa Cecília
35%
de Ter | del Camp Vilallonga
35%
del Penedès Banyeres
33%
de Bages Castellnou
33%
de la Selva Fogars
33%
del Camp les Borges
33%
del Camp Montbrió
33%
del Penedès Pacs
33%
de la Selva Riudellots
33%
de Balaguer Vallfogona
33%
de la Conca Abella
32%
de Balaguer Alòs
32%
del Penedès Avinyonet
32%
d'Empordà el Far
32%
de Ter la Cellera
32%
d'Ebre la Palma
32%
de Lluçanès Sant Agustí
32%
de Dalt Conca
30%
de Cerdanya Fontanals
30%
de la Selva Fornells
30%
de Segarra Aguilar
28%
del Camp Cabra
28%
de Ter Cervià
28%
d'Ebre Riba-roja
28%
del Penedès Santa Fe
28%
d'Anoia Vallbona
28%
del Penedès Vilobí
28%
d'Urgell Bell-lloc
27%
d'Urgell Bellmunt
25%
d'Empordà la Tallada
25%
de Lleida | de Segarra Montoliu
25%
de Lleida Puigverd
25%
del Camp Castellvell
23%
de Gaià Vespella
23%
del Camp Figuerola
22%
de Lleida Sarroca
22%
de Segarra Calonge
20%
de Segarra Granyena
18%
de la Conca Gavet
17%
de Segarra Tarroja
17%
No matching quizzes found
Score Distribution
Percent of People with Each Score
Percentile by Number Answered
Your Score History
You have not taken this quiz